Protection of civilians and individual accountability obligations and responsibilities of military commanders in United Nations peacekeeping operations

Saved in:
Bibliographic Details
Main Author: SPRIK, Lenneke
Format: Book
Language:English
Published: Routledge 2020
Tags: Add Tag
No Tags, Be the first to tag this record!

MARC

LEADER 00000nam a22000007a 4500
008 230807b |||||||| |||| 00| 0 eng d
020 |a  9781138388765 
100 |a SPRIK, Lenneke 
245 |a Protection of civilians and individual accountability  |b obligations and responsibilities of military commanders in United Nations peacekeeping operations  |c Lenneke Sprik.  |e Routledge research in the law of armed conflict  |g KZ6373.Sp8 
260 |b Routledge  |c 2020  |h New York  |i 700587  |i 700588  |l KZ6374.Sp8  |m United Nations-Peacekeeping forces  |m Peacekeeping forces (International law)  |m Responsibility to protect (International law)  |m Command responsibility (International law) 
500 |a it includes references and index 
942 |a lcc  |c BK  |e Johnson  |f 0//08/23 
952 |0 0  |1 0  |2 lcc  |4 0  |6 KZ6373 S P8  |7 0  |9 4335  |a SSL  |b HOL  |c GJ  |d 2023-08-07  |l 0  |o KZ6373.Sp8  |p 2023-0260  |r 2023-08-07 00:00:00  |t 700587  |w 2023-08-07  |y BK 
952 |0 0  |1 0  |2 lcc  |4 0  |6 KZ6373 S P8  |7 0  |9 4336  |a HOL  |b HOL  |c GJ  |d 2023-08-07  |l 0  |o KZ6373.Sp8  |p 2023-0261  |r 2023-08-07 00:00:00  |t 700588  |w 2023-08-07  |y BK 
999 |c 2178  |d 2178